000
00334nam a2200145Ia 4500
003
OSt
005
20231215065124.0
008
170524s9999 xx 000 0 und d
020
_a
9788184350043
040
_c
IIMT UNIVERSITY
100
_a
YADAV- K.P
245
0
_a
MEDIA MANAGEMENT
260
_b
New Delhi : Adhiyaya
942
_2
ddc
_c
01
999
_c
9455
_d
9455